Największe miasta w Arabii Saudyjskiej - Statystyki

Ogólne statystyki
  • Ten quiz został rozwiązany 17 razy
  • Średni wynik to 3 z 5
Statystyki odpowiedzi
Populacja Miasto % Poprawnych
7,000,100 Rijad
100%
2,385,509 Mekka
87%
1,411,599 Medyna
80%
3,712,917 Dżudda
53%
1,386,166 Ad-Dammam
20%
Nie znaleziono quizów pasujących do podanych kryteriów
Rozkład punktacji
Procent ludzi z każdym wynikiem
Percentyl według liczby udzielonych odpowiedzi
Twoja historia wyników
Nie rozwiązałeś tego quizu